000 00927nas a2200313 4500
001 BR2013010026
003 BR-BrBNA
005 20231205123501.0
007 ta
008 230509b bl.|||p| |||| 00| 00por d
040 _aBR-BrBNA
_bpor
_cBiblioteca Nacional de Agricultura
041 _a(Pt)
072 _aQ02
100 1 _aLuz, C.A.S.
100 1 _aLuz, M.L.G.S. da
100 1 _aBizzi, L.T.
100 1 _aFalk, C.L.
100 1 _aIsquierdo, E.P.
100 1 _aLoregian, R.
245 1 _aRelações granulométricas no processo de brunimento de arroz
650 _aRENDIMENTO
650 _aPROCESSAMENTO
650 _aGRÃO
650 _aRESÍDUO INDUSTRIAL
773 0 _tEngenharia Agrícola (Brazil)
_xISSN 0100-6916
_g(Jan-Apr 2005), v. 25(1) p. 214-221
_wBR2013010026
856 4 0 _uhttp://www.scielo.br/pdf/eagri/v25n1/24888.pdf
909 _a202311
_bLúcia
_c55
_dLúcia Elande
942 _2AGRIS
_n0
_cANA
999 _c234133
_d234133